000 01097nam a2200313 a 4500
003 DO-SdBNP
005 20230710124853.0
007 ta
008 220721e2000 dr a|||gr|||| 001 0 spa d
020 _a950724980X
040 _aDO-SdBNP
_bspa
_cBNPHU
_erda
082 4 _222
_bB453p
_a22
100 _aBeltrán, María Amalia,
_eautora
_983731
245 1 0 _aPapiromaníacos en acción. /
_cMaría Amalia Beltrán ; Ilustraciones, Laura Burstein
264 1 _aBuenos Aires :
_bLumen,
_c2000.
300 _a31 páginas :
_bilustraciones ;
_c28 cm.
336 _2rdacontent
_atexto
_btxt
337 _2rdamedia
_asin mediación
_bn
338 _2rdacarrier
_avolumen
_bnc
490 _aEl Club de los Científicos
500 _aIncluye vocabulario de términos 30- 31
500 _aIncluye bibliografía y notas al pié de páginas
590 _aInvnetariado 2022 / MF
650 4 _965204
_aTrabajos manuales
_vTrabajos en papel
650 _92731
_aTrabajos manuales (enseñanza)
_vTrabajos en papel
700 1 _aBurstein, Laura,
_eilustraciones
_982057
910 _aMFeliz
942 _2ddc
_cLF2
999 _c52206
_d52206